China law deskbook : (Record no. 586625)

000 -LEADER
fixed length control field 01461cam a2200397 i 4500
001 - CONTROL NUMBER
control field 18011335
003 - CONTROL NUMBER IDENTIFIER
control field NUST
005 - DATE AND TIME OF LATEST TRANSACTION
control field 20211101092708.0
008 - FIXED-LENGTH DATA ELEMENTS--GENERAL INFORMATION
fixed length control field 140117s2014 ilu b 001 0 eng
010 ## - LIBRARY OF CONGRESS CONTROL NUMBER
LC control number 2014002237
020 ## - INTERNATIONAL STANDARD BOOK NUMBER
International Standard Book Number 9781627225151
038 ## - RECORD CONTENT LICENSOR
Staff Name waseem
040 ## - CATALOGING SOURCE
Original cataloging agency DLC
Language of cataloging eng
Description conventions rda
042 ## - AUTHENTICATION CODE
Authentication code pcc
043 ## - GEOGRAPHIC AREA CODE
Geographic area code a-cc---
050 00 - LIBRARY OF CONGRESS CALL NUMBER
Classification number KNQ78.B87
Item number Z56 2014
082 00 - DEWEY DECIMAL CLASSIFICATION NUMBER
Classification number 346.5107
Author Mark ZIM
100 1# - MAIN ENTRY--PERSONAL NAME
Personal name Zimmerman, James M.,
Dates associated with a name 1958-
Relator term author.
9 (RLIN) 83563
245 10 - TITLE STATEMENT
Title China law deskbook :
Remainder of title a legal guide for foreign-invested enterprises /
Statement of responsibility, etc. James M. Zimmerman, Esq.
250 ## - EDITION STATEMENT
Edition statement Fourth edition.
264 #1 - PRODUCTION, PUBLICATION, DISTRIBUTION, MANUFACTURE, AND COPYRIGHT NOTICE
Place of production, publication, distribution, manufacture Chicago, Illinois :
Name of producer, publisher, distributor, manufacturer ABA, Section of International Law,
Date of production, publication, distribution, manufacture, or copyright notice [2014]
300 ## - PHYSICAL DESCRIPTION
Extent 2 volumes (xxxv, 1251 pages) ;
Dimensions 26 cm
336 ## - CONTENT TYPE
Content type term text
Source rdacontent
337 ## - MEDIA TYPE
Media type term unmediated
Source rdamedia
338 ## - CARRIER TYPE
Carrier type term volume
Source rdacarrier
504 ## - BIBLIOGRAPHY, ETC. NOTE
Bibliography, etc. note Includes bibliographical references and index.
563 ## - BINDING INFORMATION
Binding note PBK.
650 #0 - SUBJECT ADDED ENTRY--TOPICAL TERM
Topical term or geographic name entry element Commercial law
Geographic subdivision China.
9 (RLIN) 35314
650 #0 - SUBJECT ADDED ENTRY--TOPICAL TERM
Topical term or geographic name entry element Business enterprises, Foreign
General subdivision Law and legislation
Geographic subdivision China.
9 (RLIN) 83564
650 #0 - SUBJECT ADDED ENTRY--TOPICAL TERM
Topical term or geographic name entry element Investments, Foreign
General subdivision Law and legislation
Geographic subdivision China.
9 (RLIN) 35315
710 2# - ADDED ENTRY--CORPORATE NAME
Corporate name or jurisdiction name as entry element American Bar Association.
Subordinate unit Section of International Law,
Relator term sponsoring body.
9 (RLIN) 83565
856 41 - ELECTRONIC LOCATION AND ACCESS
Materials specified Table of contents only
Uniform Resource Identifier <a href="http://www.loc.gov/catdir/toc/fy14pdf02/2014002237.html">http://www.loc.gov/catdir/toc/fy14pdf02/2014002237.html</a>
906 ## - LOCAL DATA ELEMENT F, LDF (RLIN)
a 7
b cbc
c orignew
d 1
e ecip
f 20
g y-gencatlg
942 ## - ADDED ENTRY ELEMENTS (KOHA)
Source of classification or shelving scheme
Koha item type Book
Holdings
Withdrawn status Lost status Source of classification or shelving scheme Materials specified (bound volume or other part) Damaged status Not for loan Permanent Location Current Location Shelving location Date acquired Full call number Barcode Date last seen Price effective from Koha item type
      Volume I     NUST Law School (NLS) NUST Law School (NLS) Law 11/01/2021 346.5107 ZIM CL-665 11/01/2021 11/01/2021 Book
      Volume II     NUST Law School (NLS) NUST Law School (NLS) Law 11/01/2021 346.5107 ZIM CL-666 11/01/2021 11/01/2021 Book
© 2023 Central Library, National University of Sciences and Technology. All Rights Reserved.